000 00544ntaaa2200193 4500
003 01
005 20251027200959.0
008 0714s1973 ag 01
040 _aAR-BaBN
_bspa
_cAR-BaBN
_eaacr
_dRIC
082 _a230.0901 H39
100 _aHenry, Carl F. H.
_981
245 _aThe uneasy conscience of modern fundamentalism /
_cCarl F. H. Henry
250 _a1 ed.
260 _aGradn Rapids :
_bWm. B. Eerdmans Publishing Co.,
_cc1947
300 _a89 p.
500 _aEstudio del fundamentalismo
650 _aFundamentalismo
942 _cBK
999 _c3835
_d3835